| 000 | 02676cgm a2200553Ia 4500 | ||
|---|---|---|---|
| 003 | data | ||
| 005 | 20260322212033.0 | ||
| 007 | data | ||
| 008 | data | ||
| 020 | _a1404937781 | ||
| 020 | _a9781404937789 | ||
| 024 | 1 | _a043396014909 | |
| 028 | 4 | 1 |
_a01490 _bColumbia TriStar Home Entertainment |
| 040 |
_aTEFMT _cTEFMT _dURB _dUVU _dIHI _dRCS _dURB |
||
| 041 | 1 |
_afre _afre _bfre _bfre _heng |
|
| 082 | 0 | 4 |
_a791.43/72 _222 |
| 090 | _aDVD 587 | ||
| 245 | 1 | 0 |
_aAnger management. _h[videorecording] / _cPeter Segal ... [et al.]. |
| 250 | _aFull screen special ed. | ||
| 260 |
_aCulver City, Calif. : _bColumbia TriStar Home Entertainment, _cc2003. |
||
| 300 |
_a1 videodisc (ca. 106 min.) : _bsd., col. ; _c4 3/4 in. |
||
| 500 | _aVideodisc release of the 2003 motion picture. | ||
| 500 | _aSpecial features: feature-length commentary by Adam Sandler & director Peter Segal; "Skull session" behind-the-scenes featurette; "My buddy, Jack" featurette; deleted scenes; gag reel; "Do you have anger problems" game; bonus trailer; animated menus. | ||
| 508 | _aDirector of photography, Donald M. McAlpine ; editor, Jeff Gourson ; music, Teddy Castellucci ; costume designer, Ellen Lutter ; production designer, Alan Au. | ||
| 511 | 1 | _aAdam Sandler, Jack Nicholson, Marisa Tomei, Luis Guzman, Allen Covert, Lynne Thigpen, Woody Harrelson, John Turturro. | |
| 520 | _aAfter a misunderstanding aboard an airplane escalates out of control, businessman Dave Buznik is ordered by the court to undergo anger management therapy at the hands of specialist Dr. Rydell. When the doctor steps up his aggressive treatment by moving in, he wreaks havoc with Dave's life and Dave must decide whether or not to take a stand. | ||
| 521 | 8 | _aMPAA rating: PG-13; for crude sexual content and language. | |
| 538 | _aDVD; Dolby digital 5.1; region 1 encoding. | ||
| 546 | _aEnglish or French soundtrack with optional English or French subtitles; closed-captioned. | ||
| 650 | 0 |
_aTherapist and patient _vDrama. |
|
| 650 | 0 |
_aAnger _vDrama. |
|
| 650 | 0 |
_aSelf-management (Psychology) _vDrama. |
|
| 653 |
_aDrame. _aDrame. |
||
| 655 | 0 | _aFeature films. | |
| 655 | 0 | _aComedy films. | |
| 655 | 0 | _aVideo recordings for the hearing impaired. | |
| 700 | 1 | _aSegal, Peter. | |
| 700 | 1 | _aSandler, Adam. | |
| 700 | 1 | _aNicholson, Jack. | |
| 700 | 1 | _aTomei, Marisa. | |
| 700 | 1 | _aGuzmán, Luis. | |
| 700 | 1 | _aHarrelson, Woody. | |
| 700 | 1 |
_aTurturro, John, _d1957- |
|
| 710 | 2 | _aRevolution Studios. | |
| 710 | 2 | _aHappy Madison (Firm) | |
| 710 | 2 | _aColumbia TriStar Home Entertainment (Firm) | |
| 856 | 4 | 1 | _uhttps://m.media-amazon.com/images/I/71GPcBctsIL._AC_UY218_ML3_.jpg |
| 001 | data | ||
| 999 |
_c775 _d775 |
||